| 000 | 00838cam a2200229Ma 4500 | ||
|---|---|---|---|
| 999 |
_c4586 _d4586 |
||
| 001 | 222446586 | ||
| 003 | OCoLC | ||
| 005 | 20181210161022.0 | ||
| 008 | 930304q18951896pau u000 0 eng d | ||
| 035 | _a(OCoLC)222446586 | ||
| 040 |
_aAU@ _beng _cAU@ _dOCLCQ _dCIRBC |
||
| 082 | 0 | 4 |
_a231.3 _220 _bS613H |
| 092 |
_a231.3 _bS6131 |
||
| 100 | 1 |
_aSimpson, A. B. _q(Albert B.) |
|
| 245 | 1 | 4 |
_aThe Holy Spirit or power from on high : _ban unfolding of the doctrine of the Holy Spirit in the Old and New Testaments / _cby A.B. Simpson. |
| 250 |
_aNew ed. / _bwith foreword by Walter M. Turnbull. |
||
| 260 |
_aHarrisburg, Pa. : _bChristian Publications, _c[1895?-1896] |
||
| 300 |
_a2 v. (293 p.) ; vol.2 _c20 cm. |
||
| 505 | 0 | _apt. 1. The Old Testament -- pt. 2. The New Testament. | |
| 650 | 0 |
_aHoly Spirit _xBiblical teaching. |
|
| 942 |
_2ddc _cBK |
||